A lelki élet alaptörvényei
Elmentve itt :
| Szerző: | |
|---|---|
| Adatforrás: | Philobibl |
| Forrásdokumentuma: | Athenaeum 1901/2 177-194. p. |
| Dokumentumtípus: | Cikk |
| Nyelv: | magyar |
| LEADER | 00272nab a2200097 c 4500 | ||
|---|---|---|---|
| 001 | bibDOK00012930 | ||
| 005 | 20200924120814.3 | ||
| 008 | 060518s1901 xx hun | ||
| 100 | 1 | |a Baló József | |
| 245 | 1 | 2 | |a A lelki élet alaptörvényei |c Baló József |
| 773 | 0 | |t Athenaeum 1901/2 |g 177-194. p. | |